| 000 | 00494nam a2200193Ia 4500 | ||
|---|---|---|---|
| 005 | 20230606094206.0 | ||
| 008 | 131103s9999 xx 000 0 und d | ||
| 020 |
_aSBN 195622553 _cRs.50 |
||
| 040 | _aLoreto College | ||
| 041 | _aEnglish | ||
| 082 |
_aF _bCOR |
||
| 100 | _aCorbett,Jim | ||
| 245 |
_aMan - eaters of Kumaon _cJim Corbett |
||
| 260 |
_aDelhi _bOxford University Press _c1989 |
||
| 300 | _axiii,214 p. | ||
| 440 | _aOxford India Paperbacks | ||
| 850 | _aLCLIB | ||
| 942 | _cBK | ||
| 999 |
_c5115 _d55594 |
||